zpět

Detail výsledku týmu

Pivní restaurace, Kadaň

Datum a čas kvízu

31 Celkem bodů Celkový počet nahraných bodů na tomto kvízu bez doplňovacích otázek.
2. Pořadí na kvízu Konečné umístění týmu na tomto kvízu.

Zaznamenané odpovědi

# Otázka Odpověď Body Výsledky
1. Jak se jmenuje bývalý karlovar... Petr Kulhánek 1
2. Totální chaos, přerušenou dopr... D) balónek, který uletěl z Oktoberfestu 0
3. Tvůrci jednoho oblíbeného seri... Simpsonovi 0
4. V pondělí ukončila svůj provoz... Spojené království / Velká Británie 0
5. Napište názvy dvou hokejových... Buffalo Sabres, New Jersey Devils 0
6. Jak se jmenuje stát, který je... Lesotho 0
7. Kaliningrad neboli Královec je... Přemysla Otakara II. 0
8. V Pásmu Gazy, jež je v podstat... A 0
9. V roce 2015 během jediného dne... Indie a Bangladéš 0
10. Republika San Marino je druhý... Rimini 1